A householder's planning guide for the installation of antennas, including satellite dishes (Record no. 106034)

MARC details
000 -LEADER
fixed length control field 01161cam a2200241 4500
001 - CONTROL NUMBER
control field ##L135387
008 - FIXED-LENGTH DATA ELEMENTS--GENERAL INFORMATION
fixed length control field 061023n2006 000 0 eng u
035 ## - SYSTEM CONTROL NUMBER
System control number (Sirsi) u135387
041 0# - LANGUAGE CODE
Language code of text/sound track or separate title eng
050 04 - LIBRARY OF CONGRESS CALL NUMBER
Classification number 621.384
-- 20
110 1# - MAIN ENTRY--CORPORATE NAME
Corporate name or jurisdiction name as entry element Northern Ireland
Subordinate unit Planning Service
9 (RLIN) 5069
245 02 - TITLE STATEMENT
Title A householder's planning guide for the installation of antennas, including satellite dishes
260 ## - PUBLICATION, DISTRIBUTION, ETC.
Place of publication, distribution, etc. Belfast
Name of publisher, distributor, etc. DOE
Date of publication, distribution, etc. 2006
490 #0 - SERIES STATEMENT
Series statement Planning Service Information Leaflet
Volume/sequential designation 13
520 ## - SUMMARY, ETC.
Summary, etc. Outlines the planning regulations for antennas in Northern Ireland and includes the government statement of good practice on where to place antennas including satellite dishes.
590 ## - LOCAL NOTE (RLIN)
Local note IKA311006
650 24 - SUBJECT ADDED ENTRY--TOPICAL TERM
Topical term or geographic name entry element PLANNING (GENERAL DEVELOPMENT ) ORDER (NORTHERN IRELAND) 1993
650 24 - SUBJECT ADDED ENTRY--TOPICAL TERM
Topical term or geographic name entry element PLANNING (GENERAL DEVELOPMENT) (AMENDMENT NO. 2) ORDER (NORTHERN IRELAND) 2006
651 #4 - SUBJECT ADDED ENTRY--GEOGRAPHIC NAME
Geographic name NORTHERN IRELAND
690 ## - LOCAL SUBJECT ADDED ENTRY--TOPICAL TERM (OCLC, RLIN)
Topical term or geographic name as entry element ENVIRONMENTAL AND LAND CONSULTANCY-PLANNING AND DEVELOPMENT-PLANNING GUIDANCE
856 40 - ELECTRONIC LOCATION AND ACCESS
Uniform Resource Identifier <a href="https://www.planningni.gov.uk/Devel_Control/info_leaflets/antennas/default.htm">https://www.planningni.gov.uk/Devel_Control/info_leaflets/antennas/default.htm</a>
Public note View the leaflet free of charge at www.planningni.gov.uk..
942 ## - ADDED ENTRY ELEMENTS (KOHA)
Suppress in OPAC 0
Holdings
Withdrawn status Lost status Source of classification or shelving scheme Damaged status Not for loan Home library Current library Shelving location Date acquired Total Checkouts Full call number Barcode Date last seen Copy number Price effective from Koha item type
    Dewey Decimal Classification     Virtual Virtual Online 23/10/2006   ONLINE PUBLICATION 135387-2001 06/08/2019 1 06/08/2019 Book